| 000 | 00979nam a22002417a 4500 | ||
|---|---|---|---|
| 999 |
_c63720 _d63720 |
||
| 005 | 20240530110655.0 | ||
| 008 | 171219s2015 ua a f b 000 0 ara d | ||
| 017 |
_a2015/5499 _bمصر. دار الكتب |
||
| 020 | _a9789770529768 | ||
| 040 |
_aEG-CaGPL _cEG-CaGPL |
||
| 082 | 0 | 4 |
_221 _a364.153 / _bق/م ت |
| 100 | 0 | _aمحمد حسن غانم | |
| 245 | 1 | 2 |
_aالتحرش الجنسى للمرأة والذكور : _bتاصيل نظرى ودراسات ميدانية نفسية فى الواقع المصرى والعربى / _cمحمد حسن غانم |
| 260 |
_aالقاهرة : _bمكتبة الانجلو المصرية ، _c2015. |
||
| 300 |
_a256 ص. : _bايض ؛ _c19 سم. |
||
| 504 | _aيشتمل على ارجاعات ببليوجرافية | ||
| 650 | 0 | 7 |
_2qrmak _aالجنس |
| 650 | 0 | 7 |
_2qrmak _aالانحراف الجنسى |
| 651 | _2qrmak | ||
| 653 | 0 | _aالتحرش الجنسى | |
| 942 |
_2ddc _cBK |
||